Network analysis and synthesis / (Record no. 147472)
[ view plain ]
| 000 -LEADER | |
|---|---|
| fixed length control field | 00772nam a22002177a 4500 |
| 005 - DATE AND TIME OF LATEST TRANSACTION | |
| control field | 20181203122948.0 |
| 010 ## - LCCN (DPL NO) | |
| LC control number | ENG-121426 |
| 020 ## - INTERNATIONAL STANDARD BOOK NUMBER | |
| International Standard Book Number | 9789325990210 |
| Terms of availability | 430.00 |
| 035 ## - SYSTEM CONTROL NUMBER | |
| System control number | EN-104958 |
| 037 ## - SOURCE OF ACQUISITION | |
| Source of stock number/acquisition | DBAD/PUB |
| 082 ## - DEWEY DECIMAL CLASSIFICATION NUMBER | |
| Classification number | 621.3192 |
| 100 ## - MAIN ENTRY--PERSONAL NAME | |
| Personal name | Salivahanan,S. |
| 245 ## - TITLE STATEMENT | |
| Title | Network analysis and synthesis / |
| Statement of responsibility, etc | by S. Salivahanan [and] S. Pravin Kumar |
| 260 ## - PUBLICATION, DISTRIBUTION, ETC. (IMPRINT) | |
| Place of publication, distribution, etc | Noida |
| Name of publisher, distributor, etc | Vikas Publishing House |
| Date of publication, distribution, etc | 2016 |
| 270 ## - ADDRESS | |
| Address | E-28, Sector-8, |
| City | Noida |
| Postal code | 201301 |
| 300 ## - PHYSICAL DESCRIPTION | |
| Extent | xi,731p. : |
| Dimensions | 24cm(pbk) |
| Other physical details | ill. |
| 500 ## - GENERAL NOTE | |
| General note | Includes bibliographical references and index |
| 505 ## - FORMATTED CONTENTS NOTE | |
| Formatted contents note | for fourth semester of electrical engineering and allied couress of APJ Abdul Kalam technical University. |
| 700 ## - ADDED ENTRY--PERSONAL NAME | |
| Personal name | Pravin Kumar,S. |
| 942 ## - ADDED ENTRY ELEMENTS (KOHA) | |
| Source of classification or shelving scheme | Dewey Decimal Classification |
| Item type | English Books |
| Call number suffix | SAL |
| Classification part | 621.3192 |
| Withdrawn status | Lost status | Not for loan | Collection code | Home library | Current library | Date acquired | Source of acquisition | Cost, normal purchase price | Full call number | Barcode | Copy number | Cost, replacement price | Koha item type |
|---|---|---|---|---|---|---|---|---|---|---|---|---|---|
| Not For Loan | Non-fiction | D.B.Act.Division | Bawana | 16/11/2017 | DBAD/PUB | 430.00 | 621.3192 SAL | EN-104958 | 1 | 430.00 | English Books |
